书目信息 |
| 题名: |
湍流理论与模拟
|
|
| 作者: | 张兆顺 编著 | |
| 分册: | ||
| 出版信息: | 北京 清华大学出版社 2017.06 |
|
| 页数: | 10, 288页 | |
| 开本: | 26cm | |
| 丛书名: | 研究生力学丛书 | |
| 单 册: | ||
| 中图分类: | O357.5 | |
| 科图分类: | ||
| 主题词: | 湍流理论--tuan liu li lun--研究生--教材 , 湍流--tuan liu--数值模拟--研究生--教材 | |
| 电子资源: | ||
| ISBN: | 978-7-302-47327-5 | |
| 000 | 01147nam 2200301 450 | |
| 001 | 0106081917 | |
| 005 | 20201109093222.83 | |
| 010 | @a978-7-302-47327-5@dCNY45.00 | |
| 100 | @a20181129e20202017em y0chiy50 ea | |
| 101 | 0 | @achi |
| 102 | @aCN@b110000 | |
| 105 | @aa z 000yy | |
| 106 | @ar | |
| 200 | 1 | @a湍流理论与模拟@Atuan liu li lun yu mo ni@dTheory and modeling of turbulence@f张兆顺[等]编著@zeng |
| 205 | @a2版 | |
| 210 | @a北京@c清华大学出版社@d2017.06@h2020.03 | |
| 215 | @a10, 288页@c图@d26cm | |
| 225 | 2 | @a研究生力学丛书@Ayan jiu sheng li xue cong shu |
| 304 | @a编著者还有:崔桂香、许春晓、黄伟希 | |
| 330 | @a本书系统、完整地叙述了湍流的基本理论和近代的湍流数值模拟方法。包括湍流的统计和测量、湍流运动的基本方程、均匀各向同性湍流、简单剪切湍流、标量湍流、湍流直接数值模拟等。 | |
| 461 | 0 | @12001 @a研究生力学丛书 |
| 510 | 1 | @aTheory and Modeling of Turbulence@zeng |
| 606 | 0 | @a湍流理论@Atuan liu li lun@x研究生@j教材 |
| 606 | 0 | @a湍流@Atuan liu@x数值模拟@x研究生@j教材 |
| 690 | @aO357.5@v5 | |
| 701 | 0 | @a张兆顺@Azhang zhao shun@4编著 |
| 801 | 0 | @aCN@bBJSZM@c20201106 |
| 905 | @b1194528-31@dO357.5@e18=2@f4 | |
| 湍流理论与模拟=Theory and modeling of turbulence/张兆顺[等]编著.-2版.-北京:清华大学出版社,2017.06(2020.03) |
| 10, 288页:图;26cm.-(研究生力学丛书) |
| ISBN 978-7-302-47327-5:CNY45.00 |
| 本书系统、完整地叙述了湍流的基本理论和近代的湍流数值模拟方法。包括湍流的统计和测量、湍流运动的基本方程、均匀各向同性湍流、简单剪切湍流、标量湍流、湍流直接数值模拟等。 |
| ● |
| 相关链接 |
|
|
|
|
正题名:湍流理论与模拟
索取号:O357.5/18=2
 
预约/预借
| 序号 | 登录号 | 条形码 | 馆藏地/架位号 | 状态 | 备注 |
| 1 | 1194528 | 211945289 | 第二样本阅览室/ [索取号:O357.5/18=2] | 在馆 | |
| 2 | 1194529 | 211945298 | 第三借阅区/ [索取号:O357.5/18=2] | 在馆 | |
| 3 | 1194530 | 211945305 | 第三借阅区/ [索取号:O357.5/18=2] | 在馆 | |
| 4 | 1194531 | 211945314 | 第三借阅区/ [索取号:O357.5/18=2] | 在馆 |